Best of packaging in Japan : no.14.
| Format: | Book |
|---|---|
| Published: |
[S.l]:
Nippo Co.,
[199-.].
|
| Edition: | 14th ed.. |
| Subjects: |
| LEADER | 00424cam a2200157 7i4500 | ||
|---|---|---|---|
| 001 | 0000007066 | ||
| 005 | 20140418090000.0 | ||
| 020 | 0 | 0 | |a 4890860665 |
| 090 | 0 | 0 | |a DE 658.564 |b BES |
| 245 | 0 | 0 | |a Best of packaging in Japan : |b no.14. |
| 250 | 0 | 0 | |a 14th ed.. |
| 260 | 0 | 0 | |a [S.l]: |b Nippo Co., |c [199-.]. |
| 300 | # | # | |a [v.p]. |
| 650 | 0 | 0 | |a Packaging -- |z Japan |
| 651 | 0 | 0 | |a Japan |
| 999 | |a 0000010246 |b Book |c Open shelf |e Business Information Centre | ||


